| 000 | 00809nam a22002177a 4500 | ||
|---|---|---|---|
| 999 |
_c981 _d981 |
||
| 003 | AR-CdUCM | ||
| 008 | 190226b ||||| |||| 00| 0 spa d | ||
| 040 |
_aMUNICIPALIDAD PROVINCIAL DEL CUSCO _cBIBLIOTECA MUNICIPAL DEL CUSCO |
||
| 041 | _heng. | ||
| 082 |
_a321.8 / _bW86 |
||
| 100 |
_aWoodhouse, C.M _93825 |
||
| 245 |
_aEl nuevo concierto de las naciones : _bHacia un orden mundial / |
||
| 260 |
_aMexico : _bEdit.F.Trillas SA, _c1965. |
||
| 300 |
_a115 paginas ; _c20 cm. |
||
| 505 | _aLas fuentes del desequilibrio --El viejo nacionalismo --El nuevo nacionalismo --La dualidad de las normas ... | ||
| 650 |
_aSistema de gobierno _93826 |
||
| 650 |
_aProceso de afianzamiento institucional _93827 |
||
| 650 |
_aDesarrollo de una nueva nación _93828 |
||
| 942 |
_2ddc _cLIBROS |
||
| 945 |
_arjall _d2019-02-26 |
||